Hướng dẫn sử dụng Incoterms 2000

保存先:
書誌詳細
第一著者: Dương Hữu Hạnh
フォーマット: 図書
言語:Undetermined
出版事項: Hà Nội Giáo Dục 2000
主題:
タグ: タグ追加
タグなし, このレコードへの初めてのタグを付けませんか!
Thư viện lưu trữ: Trung tâm Học liệu Trường Đại học Cần Thơ
LEADER 00606nam a2200193Ia 4500
001 CTU_39352
008 210402s9999 xx 000 0 und d
020 |b 28.000đ 
082 |a 382.3 
082 |b H107/2000 
100 |a Dương Hữu Hạnh 
245 0 |a Hướng dẫn sử dụng Incoterms 2000 
245 0 |c Dương Hữu Hạnh 
260 |a Hà Nội 
260 |b Giáo Dục 
260 |c 2000 
650 |a commercial policy,commmercial law,foreign trade regulation,internatonal trade 
904 |i Minh, 001110 
980 |a Trung tâm Học liệu Trường Đại học Cần Thơ